000 01935 a2200229 4500
001 54577
005 20260407155819.0
008 260407a1976 arg spa d
003 AR-UNSa-BCEJYS
040 _aAR-UNSa-BCEJYS
_bspa
_cAR-UNSa-BCEJYS
080 _a330.101
_xCiencia económica en general. La economía y sus problemas. Objeto y métodos de la economía política
245 1 0 _aElementos de economía política moderna
250 _a2a. ed.
264 1 _aBuenos Aires :
_bEl Coloquio
_c1976
300 _a251 p.
_c21 cm.
505 _a1. Breve idea acerca del campo que abarca la economía - 2. Los elementos importantes de la economía - 3. Ética y economía - 4. Noción de bienes y servicios económicos - 5. Noción de variables y parámetros - 6. Distintas clases de variables económicas - 7. Noción de equlibrio económico - 8. Dos hipótesis distintas para el equilibrio - 9. Noción de estática y de dinámica - 10. Las unidades económicas en el universo económico - 11. Teoría y universo económico - 12. Noción de precios relativos - 13. Competencia y universo teórico - 14. El papel del dinero en el universo teórico - 15. Teoría cuantitativa del dinero y universo teórico - 16. Mercado de bienes y de factores - 17. Rendimientos decrecientes - 18. Costos crecientes - 19. Teoría y eficiencia - 20. Precios de factores - 21. Teoría y comercio internacional - 22. Crítica a la teoría del comercio internacional - 23. Teoría y demanda - 24. Precio de equilibrio - 25. Universo teórico y equilibrio general - 26. Nociones de microanálisis y macroanálisis - 27. La aproximación estructural - 28. Noción de desarrollo y crecimiento económico - 29. Universo económico concreto - 30. Una definición - 31. Teoría del valor
041 _aspa
942 _cBK
590 _aniveau_biblio:m niveau_hierar:0
100 1 _aArgentato, Nicolás
700 1 _aAsociación de Economistas Argentinos
999 _c5652
_d5652